[Event "GER-chT Christmas U20"]
[Site "Playchess.com INT"]
[Date "2020.12.29"]
[Round "2.4"]
[White "Schoeneberg, Kevin"]
[Black "Peilert, Maximilian"]
[Result "1/2-1/2"]
[WhiteElo "946"]
[BlackElo "1068"]
[PlyCount "125"]
[EventDate "2020.12.29"]
[EventType "team-swiss (blitz)"]
[EventRounds "7"]
[EventCountry "GER"]
[SourceTitle "CBM 200 Extra"]
[Source "ChessBase"]
[SourceDate "2021.03.31"]
[SourceVersion "1"]
[SourceVersionDate "2021.03.31"]
[SourceQuality "1"]
[WhiteTeam "Lichtenberg Borussia"]
[BlackTeam "Think Rochade"]
[WhiteTeamCountry "GER"]
[BlackTeamCountry "GER"]

1. d4 d5 2. Bf4 Bf5 3. e3 Nf6 4. Nf3 e6 5. Bd3 Ne4 6. Nfd2 Bd6 7. Bxd6 Nxd6 8. Bxf5 Nxf5 9. Qg4 Qd6 10. 0-0 Nd7 11. c4 Nf6 12. Qe2 c5 13. dxc5 Qxc5 14. cxd5 Nxd5 15. Nb3 Qd6 16. Qb5+ Qc6 17. Qxc6+ bxc6 18. e4 Nb4 19. exf5 Nc2 20. N1d2 Nxa1 21. Rxa1 exf5 22. Nf3 0-0 23. Nbd4 g6 24. Nxc6 Rfc8 25. Ne7+ Kg7 26. Nxc8 Rxc8 27. h3 Rc2 28. b4 a6 29. a4 Rb2 30. b5 axb5 31. axb5 Rxb5 32. Ra7 Rd5 33. Ng5 Rd1+ 34. Kh2 Kf6 35. Nxh7+ Ke5 36. g3 Rd2 37. Re7+ Kd6 38. Rxf7 Rxf2+ 39. Kg1 Rf3 40. Kg2 Rd3 41. Rf6+ Ke5 42. Rxg6 Rd2+ 43. Kf3 Rc2 44. g4 Rc3+ 45. Kg2 Rc2+ 46. Kg3 Rc3+ 47. Kh4 Rc4 48. Kh5 Rc3 49. h4 Rc1 50. Rg5 Kf4 51. Rxf5+ Kg3 52. Nf6 Rh1 53. Kg6 Rxh4 54. g5 Rh8 55. Kg7 Rb8 56. Nh7 Kg4 57. g6 Kxf5 58. Kh6 Rb7 59. Kh5 Ke6 60. Ng5+ Kf6 61. Kh6 Kf5 62. g7 Rxg7 63. Kxg7 1/2-1/2